00458nam a2200133 a 4500008004100000050002600041110005800067245008100125260003000206300000900236362002900245500001700274650003300291150914s9999 ||||||||||||||||| || u aKYO-UNI(05)ASM/2014/1 aThe Center for African Area Studies, Kyoto University10aAfrican study monographscBy the Center for African Studies Kyoto University aKyotobKyoto Universityc a66p.1 aNo. 1, No.2, No. 49 & 50 aBibliography aAFRICAN DEVELOPMENAL ASPECTS